| 000 | 00482nam a2200133Ia 4500 | ||
|---|---|---|---|
| 008 | 230907s9999||||xx |||||||||||||| ||und|| | ||
| 082 |
_a621.46 _bSMI |
||
| 100 |
_aSmith, Nigel, _9115470 |
||
| 245 | 0 | _aMotors as generators for micro hydro power / | |
| 260 |
_aPractical Action Pub., _bRugby, Warwickshire, UK : _c2014 |
||
| 300 | _axvii, 89 p. : | ||
| 650 |
_aHandbooks, manuals, etc. Handbooks, manuals, etc. Handbooks, manuals, etc. Handbooks, manuals, etc. _9115471 |
||
| 942 | _cBK | ||
| 999 |
_c598490 _d598490 |
||